000 01212cab a2200337 4500
001 ABS55471
008 090401t1996 xxu||||| |||| 00| 0 eng d
035 _a(Sirsi) u16738
041 _aeng
100 _aCastle, P.
245 _aAsbestos, the law and environmental liabilities
260 _c1996
350 _a0
490 _aTolley`s Health and safety at Work Newsletter
_v4(1) May/June 1996, 1-3(3)
520 _aLooks at the law relating to asbestos. Refers to current and proposed legislation and relevant case law.
650 _aASBESTOS (LICENSING) REGULATIONS 1983
650 _aASBESTOS PRODUCTS (SAFETY) REGULATIONS 1985
650 _aMANAGEMENT-HEALTH AND SAFETY-HAZARDOUS SUBSTANCES-ASBESTOS
650 _aCAMBRIDGE WATER CO LTD V EASTERN COUNTIES LEATHER PLC
650 _aCONTROL OF ASBESTOS AT WORK REGULATIONS 1987
650 _aHANCOCK V JW ROBERTS LTD
650 _aHEALTH AND SAFETY
_96244
650 _aLIABILITY
650 _aR V HILL
650 _aREPORTING OF INJURIES, DISEASES AND DANGEROUS OCCURRENCES REGULATIONS 1995
650 _aRIDDOR
690 _aBUILT ENVIRONMENT-BUILDING STANDARDS
700 _aTurner, C.
942 _n0
948 _c04/03/1997
999 _c11062
_d11062